000 00699nam a22002177a 4500
005 20251108175008.0
008 250721s2004 xx 000 0 ara d
082 1 4 _aط/ق/فضل
100 1 _aالفضلي، جميلة
_eمؤلف
245 1 0 _aبحيرة الأصدقاء /
264 1 _aالمحطة :
_bالعلم والإيمان للنشر،
_c2004.
300 _a16ص.
490 0 _aحكاية لطفلك
650 1 7 _aأدب الأطفال
650 1 7 _aالقصص العربية
650 1 7 _aالقصص القصيرة
653 _aأطفال مرحلة متوسطة (6-9) سنوات
700 1 _aبكر، عبد الرحمن
_eرسام
942 _2ddc
_cBK
999 _c123478
_d123478